| 000 | 01420nam a2200361Ia 4500 | ||
|---|---|---|---|
| 001 | ebr10701230 | ||
| 003 | CaPaEBR | ||
| 006 | m o u | ||
| 007 | cr cn||||||||| | ||
| 008 | 121015s2013 alu sb s001 0 eng d | ||
| 010 | _z 2012037998 | ||
| 020 | _z9780817386436 | ||
| 020 | _z9780817357320 (pbk. : alk. paper) | ||
| 020 | _z0817357327 (pbk. : alk. paper) | ||
| 040 |
_aCaPaEBR _cCaPaEBR |
||
| 035 | _a(OCoLC)849922567 | ||
| 050 | 1 | 4 |
_aPS310.P53 _bS53 2013eb |
| 082 | 0 | 4 |
_a811/.5409358 _223 |
| 100 | 1 | _aShaw, Lytle. | |
| 245 | 1 | 0 |
_aFieldworks _h[electronic resource] : _bfrom place to site in postwar poetics / _cLytle Shaw. |
| 260 |
_aTuscaloosa : _bUniversity of Alabama Press, _c2013. |
||
| 300 | _axiv, 379 p. | ||
| 490 | 0 | _aModern and contemporary poetics | |
| 504 | _aIncludes bibliographical references and index. | ||
| 533 |
_aElectronic reproduction. _bPalo Alto, Calif. : _cebrary, _d2013. _nAvailable via World Wide Web. _nAccess may be limited to ebrary affiliated libraries. |
||
| 650 | 0 |
_aAmerican poetry _y20th century _xHistory and criticism. |
|
| 650 | 0 | _aPlace (Philosophy) in literature. | |
| 650 | 0 | _aSetting (Literature) | |
| 650 | 0 |
_aPoetics _xHistory _y20th century. |
|
| 655 | 7 |
_aElectronic books. _2local |
|
| 710 | 2 | _aebrary, Inc. | |
| 856 | 4 | 0 |
_uhttp://site.ebrary.com/lib/rucke/Doc?id=10701230 _zAn electronic book accessible through the World Wide Web; click to view |
| 999 |
_c20451 _d20451 |
||